[Event "Perm op 07-B"]
[Site "Perm"]
[Date "2007.07.05"]
[Round "8"]
[White "Zaitsev, Avenir B"]
[Black "Drozdov, Alexander"]
[Result "1/2-1/2"]
[WhiteElo "2037"]
[BlackElo "2185"]
[PlyCount "49"]
[EventDate "2007.06.27"]
[EventType "swiss"]
[EventRounds "8"]
[EventCountry "RUS"]
[SourceTitle "EXT 2022"]
[Source "ChessBase"]
[SourceDate "2021.10.06"]
[SourceVersion "1"]
[SourceVersionDate "2021.10.06"]
[SourceQuality "1"]

1. d4 Nf6 2. Bg5 d5 3. c4 c6 4. Nc3 Nbd7 5. e3 e6 6. cxd5 cxd5 7. Bd3 Bd6 8. f4 0-0 9. Nf3 Be7 10. Qc2 a6 11. Ne5 h6 12. Bxf6 gxf6 13. Nf3 f5 14. 0-0-0 Nf6 15. h3 Ne4 16. g4 Bd7 17. gxf5 exf5 18. Rhg1+ Kh8 19. Qg2 Rg8 20. Qxg8+ Qxg8 21. Rxg8+ Rxg8 22. Nxd5 Bd8 23. Ne5 Be6 24. Bxe4 fxe4 25. Nc3 1/2-1/2